000
00308nam a2200145Ia 4500
100
_a
Zill/Dennis G
650
_a
Mathematics
250
_a
3
942
_c
BK
366
_f
20
245
_a
Advanced Engineering Mathematics
260
_b
Narosa Publication House
_c
2006
546
_a
ENGLISH
999
_c
34461
_d
34461